| 000 | 00375 a2200109 4500 | ||
|---|---|---|---|
| 001 | ART_58835 | ||
| 005 | 20260410162030.0 | ||
| 008 | 260409a | ||
| 245 | 1 | 0 | _aLas funciones del juez en el proceso de consumo: cargas probatorias y prueba de oficio |
| 100 | 1 | _aRossi, Jorge O. | |
| 773 | 0 |
_tTemas de derecho procesal _g- Año 7, N° 7 (jul. 2023) _wREV44095 |
|
| 999 |
_c33928 _d33928 |
||